000 01802nam a2200529 i 4500
001 4645
003 KOSZ 005
005 20190725091905.0
008 970612s1991 pl a f |000 0 pol
015 _aPB 1991/6656
035 _a991001863879705066
035 _a(PL-WaBN)b10523200-48omnis_nlop
035 _ab10523200
035 _a(OCoLC)749765330
035 _a(PL)b0000001052320
035 _a(EXLNZ-48OMNIS_NETWORK)9910153739405606
040 _aWA N
_cWA N
_dKOSZ 005/EG
041 _apol
046 _k1991
080 _a621.319
080 _a621.382
080 _a(075.8)
080 _a(076)
100 1 _aIniewski, Krzysztof
_d(1960- )
_eAutor
245 1 0 _aPrzyrządy MOS w zadaniach /
_cKrzysztof Iniewski, Andrzej Jakubowski, Bogdan Majkusiak.
260 _aWarszawa :
_bWydawnictwa Politechniki Warszawskiej,
_c1991.
300 _a107 s. :
_brys., wykr. ;
_c24 cm.
336 _2rdacontent
_aTekst
_btxt
337 _2rdamedia
_aBez urządzenia pośredniczącego
_bn
338 _2rdacarrier
_aWolumin
_bnc
380 _aKsiążki
380 _aPublikacje dydaktyczne
385 _mPoziom nauczania
_aSzkoły wyższe
388 _a1901-2000
388 _a1989-2000
650 7 _aKondensator
_2DBN
650 7 _aPółprzewodniki
_2DBN
650 7 _aTranzystory
_2DBN
650 7 _aUkład scalony
_2DBN
655 7 _aĆwiczenia i zadania dla szkół wyższych
_2DBN
700 1 _aJakubowski, Andrzej
_c(elektronik)
_eAutor
700 1 _aMajkusiak, Bogdan
_d(1955- )
_eAutor
710 2 _aOficyna Wydawnicza Politechniki Warszawskiej
_4pbl
856 _uhttp://koha.tu.koszalin.pl/cgi-bin/koha/opac-detail.pl?biblionumber=4645
_yKatalog online BPK
942 _2UKD
_cKS
999 _c4645
_d4645